[Event "AUTO-INT-2031"]
[Site "http://www.queenalice.com/game.php?id=971634"]
[Date "2011.8.12"]
[Round "2"]
[White "hooligan"]
[Black "GiovanniCosta"]
[Result "0-1"]
[WhiteElo "1529"]
[BlackElo "2322"]

1. e4 e5 2. d3 Nf6 3. Bg5 h6 4. Bh4 Bc5 5. Nf3 d6 6. c3 a6 7. Ng5 hxg5 8. Bxg5
Nxe4 9. dxe4 Qxg5 10. Nd2 Qf4 11. f3 Rxh2 12. Rg1 Bxg1 13. Qc2 Qe3+ 14. Kd1 Bf2
15. Kc1 Qe1+ 16. Qd1 Qxd1+ 17. Kxd1 Be6 18. a4 Nc6 19. b4 Be3 20. g4 Bxd2 21.
Ra2 Bxa2 22. b5 Bb3# 0-1

[Event "AUTO-INT-2031"]
[Site "http://www.queenalice.com/game.php?id=971637"]
[Date "2011.8.12"]
[Round "2"]
[White "salvador_2011"]
[Black "hooligan"]
[Result "1-0"]
[WhiteElo "2225"]
[BlackElo "1533"]

1. e4 e5 2. Nf3 f6 3. d4 d6 4. dxe5 h6 5. exd6 cxd6 6. Bc4 Ne7 7. Nc3 Nec6 8.
O-O Ne5 9. Nxe5 fxe5 10. Qh5+ Kd7 11. Bb5+ Kc7 12. Nd5# 1-0

[Event "AUTO-INT-2031"]
[Site "http://www.queenalice.com/game.php?id=971638"]
[Date "2011.8.12"]
[Round "2"]
[White "hooligan"]
[Black "salvador_2011"]
[Result "0-1"]
[WhiteElo "1527"]
[BlackElo "2220"]

1. e4 e6 2. d3 d5 3. e5 c5 4. c3 Nc6 5. h4 Nxe5 6. f4 Nc6 7. h5 Bd7 8. Nf3 d4 9.
cxd4 cxd4 10. h6 Nxh6 11. a4 Qf6 12. Qb3 Bb4+ 13. Bd2 Bxd2+ 14. Kxd2 Qxf4+ 15.
Kc2 Rc8 16. a5 Nb4+ 17. Kd1 Rc1+ 18. Ke2 Qe3# 0-1

[Event "AUTO-INT-2031"]
[Site "http://www.queenalice.com/game.php?id=971641"]
[Date "2011.8.12"]
[Round "2"]
[White "hooligan"]
[Black "rafa_sax88"]
[Result "0-1"]
[WhiteElo "1484"]
[BlackElo "1463"]

1. e4 e5 2. d3 Nc6 3. c3 Nf6 4. f3 d6 5. Bg5 h6 6. Be3 g5 7. d4 exd4 8. cxd4 g4
9. Nc3 gxf3 10. gxf3 d5 11. e5 Nh5 12. Bd2 Nxd4 13. Qa4+ Bd7 14. Qxd4 Bg7 15.
Nxd5 c6 16. Ne3 f6 17. Qh4 Qb6 18. Qxh5+ Kd8 19. Nc4 Qc5 20. Qg6 fxe5 21. Nd6 e4
22. Nf7+ Kc8 23. Nxh8 Bf8 24. h4 Qd4 25. Qg8 Kc7 26. Bf4+ Kb6 27. a4 a5 28. Rd1
Bb4+ 29. Bd2 Rxg8 30. h5 e3 31. Bxb4 Qxb4+ 32. Ke2 Qxb2+ 33. Ke1 Rxh8 34. Ne2
Qb4+ 35. Nc3 Qxc3+ 36. Ke2 c5 37. Rh4 Bxa4 38. Rxa4 Qc2+ 39. Kxe3 Qxd1 40. Ra2
Qb3+ 41. Kf4 Qxa2 42. Kf5 Qb1+ 43. Kf6 Qxf1 44. Kg7 Qa1+ 45. Kf7 c4 46. f4 c3
47. f5 c2 48. f6 c1=Q 49. Kg7 Qc8 50. Kg6 Qg1+ 51. Kf7 Qf8+ 52. Ke6 Qe3+ 53. Kd7
Rh7+ 54. f7 Qee7# 0-1

[Event "AUTO-INT-2031"]
[Site "http://www.queenalice.com/game.php?id=971642"]
[Date "2011.8.12"]
[Round "2"]
[White "rafa_sax88"]
[Black "hooligan"]
[Result "1-0"]
[WhiteElo "1429"]
[BlackElo "1548"]

1. e4 e5 2. Nf3 d6 3. Nc3 c6 4. d4 b5 5. dxe5 Bg4 6. h3 Bh5 7. g4 Bg6 8. exd6
Bxd6 9. e5 Bb4 10. Bg5 Ne7 11. a3 Ba5 12. b4 Bb6 13. h4 Qc8 14. a4 Qxg4 15. a5
Bc7 16. Be2 Qxb4 17. h5 Be4 18. Rh4 Qxc3+ 19. Bd2 Qb2 20. Rxe4 Nd5 21. Rb1 Qa2
22. Ng5 f6 23. exf6+ Kf8 24. Ne6+ Kf7 25. fxg7 Rg8 26. Ra1 Qb2 27. Ng5+ Kf6 28.
Re6+ Kf5 29. Bd3# 1-0

[Event "Challenge"]
[Site "http://www.queenalice.com/game.php?id=992388"]
[Date "2011.10.2"]
[Round "-"]
[White "schakertje"]
[Black "hooligan"]
[Result "1-0"]
[WhiteElo "1531"]
[BlackElo "1496"]

1. d3 e5 2. e4 d6 3. h3 h5 4. g3 g5 5. h4 g4 6. f3 gxf3 7. Qxf3 a5 8. a4 Na6 9.
b3 Bg4 10. Qf2 d5 11. d4 dxe4 12. Bb5+ c6 13. Bxa6 bxa6 14. dxe5 Bb4+ 15. c3 Be7
16. Nd2 Nh6 17. Nxe4 Bf5 18. Bxh6 Rxh6 19. Qxf5 Ra7 20. Ne2 c5 21. O-O Bxh4 22.
Rad1 Qe7 23. Qc8+ Qd8 24. Qxd8+ Bxd8 25. Nd6+ Kf8 26. Nf5 Rg6 27. Rxd8# 1-0

[Event "Challenge"]
[Site "http://www.queenalice.com/game.php?id=992389"]
[Date "2011.10.2"]
[Round "-"]
[White "hooligan"]
[Black "schakertje"]
[Result "0-1"]
[WhiteElo "1454"]
[BlackElo "1548"]

1. e4 d6 2. d3 e5 3. h4 Bd7 4. g4 Be7 5. f3 c5 6. Nc3 Bc6 7. h5 Bh4+ 8. Kd2 g6
9. f4 exf4 10. Nf3 Bf6 11. Ne2 g5 12. c3 Nh6 13. Bh3 d5 14. d4 dxe4 15. Nfg1 e3+
16. Kc2 Be4+ 17. Kb3 Bxh1 18. a4 cxd4 19. cxd4 Bd5+ 20. Kc2 Qc7+ 21. Kb1 Be4+
22. Ka2 Qc4+ 23. b3 Qb4 24. Ba3 Qd2+ 25. Bb2 O-O 26. Qb1 Bxb1+ 27. Rxb1 Nc6 28.
Bg2 Nxg4 29. Nf3 Qxe2 30. Bh1 b5 31. Ka3 Nf2 32. axb5 Qxb5 33. Ka2 Nb4+ 34. Ka1
Qa5+ 35. Ba3 Qxa3# 0-1

[Event "holigan"]
[Site "http://www.queenalice.com/game.php?id=996672"]
[Date "2011.10.13"]
[Round "-"]
[White "dylan1d"]
[Black "hooligan"]
[Result "0-1"]
[WhiteElo "1150"]
[BlackElo "1481"]

1. b4 e5 2. Bb2 d6 3. Ba3 a5 4. bxa5 Rxa5 5. Bb4 Ra4 6. Nc3 Ra6 7. Nb5 Nc6 8. e4
Rb6 9. a4 Nxb4 10. a5 Rc6 11. Na7 Nxc2+ 12. Ke2 Bg4+ 13. Kd3 Nb4+ 14. Ke3 Qg5+
15. f4 Qxf4# 0-1

[Event "Challenge"]
[Site "http://www.queenalice.com/game.php?id=997943"]
[Date "2011.10.16"]
[Round "-"]
[White "dylan1d"]
[Black "hooligan"]
[Result "0-1"]
[WhiteElo "1124"]
[BlackElo "1449"]

1. Na3 e5 2. e3 d6 3. Nb5 c6 4. Nc3 a5 5. Ne4 f5 6. Ng3 g6 7. d4 h5 8. a3 b5 9.
dxe5 d5 10. e4 fxe4 11. e6 Bxe6 12. h4 b4 13. axb4 a4 14. b3 Ra7 15. bxa4 Na6
16. b5 Nb4 17. c3 Bg4 18. Qb3 Nd3+ 19. Bxd3 exd3 20. Bg5 Qd7 21. b6 Qe6+ 22. Kd2
Rb7 23. a5 Bc5 24. Kxd3 Bxf2 25. Nf3 Bf5+ 26. Kd2 Bxg3 27. Rhe1 Bf4+ 28. Kd1 Be3
29. Bxe3 Qd6 30. a6 Rb8 31. a7 Rd8 0-1

[Event "holigan"]
[Site "http://www.queenalice.com/game.php?id=1000459"]
[Date "2011.10.22"]
[Round "-"]
[White "dylan1d"]
[Black "hooligan"]
[Result "0-1"]
[WhiteElo "1127"]
[BlackElo "1446"]

1. Na3 e5 2. Nc4 f6 3. Nf3 d5 4. Ne3 c6 5. b4 a5 6. bxa5 Rxa5 7. Nh4 g6 8. Rb1
Rxa2 9. h3 Na6 10. Rb2 Ra4 11. c4 dxc4 12. Qxa4 Bc5 13. Nxc4 Bd4 14. Rc2 g5 15.
e3 Bc5 16. d4 exd4 17. f4 gxh4 18. exd4 Qe7+ 19. Re2 Be6 20. dxc5 Nxc5 21. g4
Nxa4 22. Ra2 Qb4+ 23. Rd2 Ne7 24. Kd1 Qb3+ 25. Rc2 O-O 26. Ba3 Nc3+ 0-1

[Event "hoolingan"]
[Site "http://www.queenalice.com/game.php?id=1000460"]
[Date "2011.10.22"]
[Round "-"]
[White "hooligan"]
[Black "dylan1d"]
[Result "1-0"]
[WhiteElo "1442"]
[BlackElo "1133"]

1. e4 Nf6 2. d3 g6 3. f3 g5 4. h4 gxh4 5. Rxh4 e5 6. g4 b6 7. g5 Ng8 8. Nc3 Bb4
9. f4 Bxc3+ 10. bxc3 Qe7 11. f5 f6 12. g6 hxg6 13. Rxh8 Qg7 14. Rh2 d5 15. d4
dxe4 16. Bb5+ Bd7 17. Bc4 exd4 18. cxd4 gxf5 19. Qe2 Qxg1+ 20. Kd2 a6 21. Qh5+
Ke7 22. Qf7+ Kd6 23. Ba3+ Kc6 24. Qd5# 1-0

[Event "AUTO-OPEN-2599"]
[Site "http://www.queenalice.com/game.php?id=1026155"]
[Date "2012.2.4"]
[Round "1"]
[White "sia"]
[Black "hooligan"]
[Result "1-0"]
[WhiteElo "2155"]
[BlackElo "1456"]

1. g3 e5 2. Bg2 d6 3. e3 a5 4. a3 a4 5. c4 g5 6. Nc3 Bd7 7. Bxb7 Ra7 8. Bg2 f5
9. d4 e4 10. Nge2 h5 11. d5 Na6 12. Nxa4 Nb8 13. Nac3 Bg7 14. O-O Na6 15. Nd4
Nc5 16. b4 Nd3 17. f3 Nxc1 18. Qxc1 f4 19. Nxe4 fxg3 20. hxg3 h4 21. g4 h3 22.
Bh1 h2+ 23. Kf2 Nh6 24. c5 Bxg4 25. fxg4 Nxg4+ 26. Ke2 Ne5 27. Ne6 Qe7 28. Ra2
Bh6 29. cxd6 cxd6 30. Qc8+ Qd8 31. Qxd8# 1-0

[Event "AUTO-OPEN-2599"]
[Site "http://www.queenalice.com/game.php?id=1026156"]
[Date "2012.2.4"]
[Round "1"]
[White "hooligan"]
[Black "sia"]
[Result "0-1"]
[WhiteElo "1454"]
[BlackElo "2137"]

1. e4 e5 2. d3 d6 3. h4 Nd7 4. Bg5 Be7 5. Bxe7 Nxe7 6. Nf3 O-O 7. h5 h6 8. g4
Nf6 9. Nc3 Bxg4 10. Be2 Bxh5 11. Nd2 Bxe2 12. Qxe2 Ng6 13. f3 Nf4 14. Qh2 c6 15.
Rg1 Ng6 16. f4 exf4 17. Nf3 Qe7 18. Nd4 d5 19. Nf5 Qe6 20. Nxh6+ gxh6 21. Rh1 h5
22. Na4 b6 23. b3 dxe4 24. O-O-O e3 25. Nc3 Kg7 26. Ne4 Nxe4 27. dxe4 h4 28. a4
Qxe4 29. Rhg1 e2 30. Rde1 f3 31. Rg5 Qe3+ 32. Kb2 Qxg5 33. b4 Qe5+ 34. Qxe5+
Nxe5 35. a5 bxa5 0-1

[Event "AUTO-OPEN-2599"]
[Site "http://www.queenalice.com/game.php?id=1026179"]
[Date "2012.2.4"]
[Round "1"]
[White "dyingstar"]
[Black "hooligan"]
[Result "1-0"]
[WhiteElo "1717"]
[BlackElo "1452"]

1. e4 e5 2. Nf3 f6 3. Nxe5 fxe5 4. Qh5+ g6 5. Qxe5+ Qe7 6. Qxh8 Qxe4+ 7. Kd1 d6
8. Bb5+ c6 9. Re1 Bg4+ 10. f3 Qxe1+ 11. Kxe1 cxb5 12. fxg4 Nc6 13. Qxg8 O-O-O
14. Qe6+ Rd7 15. c3 Nd8 16. Qb3 Re7+ 17. Kd1 Ne6 18. Qxb5 Nf4 19. Qc4+ Kb8 20.
Qxf4 Rc7 21. Qxf8+ Rc8 22. Qxd6+ Ka8 23. Na3 g5 24. Nb5 a5 25. Qb6 Rc5 26. Qa7#
1-0

[Event "AUTO-OPEN-2599"]
[Site "http://www.queenalice.com/game.php?id=1026180"]
[Date "2012.2.4"]
[Round "1"]
[White "hooligan"]
[Black "dyingstar"]
[Result "0-1"]
[WhiteElo "1456"]
[BlackElo "1751"]

1. e4 e5 2. d3 Nc6 3. c3 d5 4. f3 Bc5 5. Ne2 dxe4 6. fxe4 Nf6 7. h3 Nxe4 8. dxe4
Bf2+ 9. Kxf2 Qxd1 10. Bg5 O-O 11. Ng3 Qc2+ 12. Bd2 Be6 13. Nh5 f5 14. Na3 Qxd2+
15. Kg1 Qxb2 16. Re1 Qxa3 17. Re3 Qc5 18. Bc4 Qxe3+ 19. Kh2 Bxc4 20. exf5 Rxf5
21. Ng3 Rf2 22. Nf1 Rxg2+ 23. Kxg2 Bd5+ 24. Kh2 Qf2# 0-1